LEADER 01462nam0 22003013i 450 001 SUN0086280 005 20120228112422.682 100 $a20111128d1975 |0itac50 ba 101 $aita 102 $aIT 105 $a|||| ||||| 200 1 $aˆLa ‰pianificazione dei prodotti$eguida operativa per adeguare la produzione e l'organizzazione delle imprese ai cambiamenti tecnologici e di mercato$fE. Peter Ward$g[trad. W. Balduzzo] 210 $aMilano$cAngeli$d1975 215 $a373 p.$cill.$d22 cm. 510 1$3SUN0086281$aˆThe ‰dynamics of planning. 606 $aProduzione$xProgrammazione$2FI$3SUNC009076 620 $dMilano$3SUNL000284 700 1$aWard$b, Edward Peter$3SUNV070697$0114015 702 1$aBalduzzo$b, William$3SUNV070698 712 $aAngeli$3SUNV000073$4650 801 $aIT$bSOL$c20181109$gRICA 912 $aSUN0086280 950 $aUFFICIO DI BIBLIOTECA DEL DIPARTIMENTO DI ECONOMIA$d03 PREST IIAd68 $e03 1611 950 $aUFFICIO DI BIBLIOTECA DEL DIPARTIMENTO DI ECONOMIA$d03 PREST IIAd68bis $e03 870 995 $aUFFICIO DI BIBLIOTECA DEL DIPARTIMENTO DI ECONOMIA$bIT-CE0106$h1611$kPREST IIAd68$op$qa 995 $aUFFICIO DI BIBLIOTECA DEL DIPARTIMENTO DI ECONOMIA$bIT-CE0106$h870$kPREST IIAd68bis$op$qa 996 $aPianificazione dei prodotti$9422008 997 $aUNICAMPANIA LEADER 02156nam 2200601 a 450 001 9910461225003321 005 20200520144314.0 010 $a1-61324-211-5 035 $a(CKB)2670000000094825 035 $a(EBL)3019712 035 $a(SSID)ssj0000521168 035 $a(PQKBManifestationID)12162242 035 $a(PQKBTitleCode)TC0000521168 035 $a(PQKBWorkID)10523226 035 $a(PQKB)11578961 035 $a(MiAaPQ)EBC3019712 035 $a(Au-PeEL)EBL3019712 035 $a(CaPaEBR)ebr10671277 035 $a(OCoLC)730514996 035 $a(EXLCZ)992670000000094825 100 $a20091222d2010 uy 0 101 0 $aeng 135 $aur|n|---||||| 181 $ctxt 182 $cc 183 $acr 200 00$aBiodegradation of cellulose fibers$b[electronic resource] /$fBarbara Simonc?ic? ... [et al.] 210 $aNew York. $cNova Science Publishers$dc2010 215 $a1 online resource (76 p.) 225 1 $aBacteriology research developments 300 $aDescription based upon print version of record. 311 $a1-61668-154-3 320 $aIncludes bibliographical references and index. 327 $aIntroduction -- Materials for finishing and application methods -- Analytical methods for the evaluation of materials and finishes -- Biodegradation of untreated cellulose fibers -- Inhibition of cellulose biodegradation by chemical modification -- Sol-gel finishes for passive antibacterial activity -- Conclusion. 410 0$aBacteriology research developments series. 606 $aCellulose fibers 606 $aCellulose$xMicrobiology 606 $aCellulose$xBiodegradation 606 $aMicrobial biotechnology 608 $aElectronic books. 615 0$aCellulose fibers. 615 0$aCellulose$xMicrobiology. 615 0$aCellulose$xBiodegradation. 615 0$aMicrobial biotechnology. 676 $a572/.56682 701 $aSimonc?ic?$b Barbara$0886022 801 0$bMiAaPQ 801 1$bMiAaPQ 801 2$bMiAaPQ 906 $aBOOK 912 $a9910461225003321 996 $aBiodegradation of cellulose fibers$91978367 997 $aUNINA LEADER 01345nam a2200349 i 4500 001 991002915599707536 008 160418s2015 it a 101 0 ita d 020 $a9788888479378 035 $ab14253586-39ule_inst 040 $aBibl. Dip.le Aggr. Matematica e Fisica - Sez. Matematica$beng 082 0 $a510.09 084 $aAMS 00B10 084 $aAMS 00A05 245 00$aConferenze e Seminari 2014-2015 /$cvolume redatto a cura di F. Ferrara, L. Giacardi, M. Mosca 260 $aTorino :$bKWB,$cc2015 300 $a245 p. :$bill. ;$c24 cm 490 1 $aConferenze e Seminari 500 $aAt head of title: Associazione Subalpina Mathesis ; Seminario di Storia delle matematiche "Tullio Viola" 650 0$aConference proceedings 650 0$aCollections of papers 650 0$aGeneral mathematics 700 1 $aFerrara, F. 700 1 $aGiacardi, Livia 700 1 $aMosca, Miranda 710 2 $aAssociazione Subalpina Mathesis 711 2 $aSeminario di Storia delle Matematiche "Tullio Viola" 907 $a.b14253586$b10-01-19$c18-04-16 912 $a991002915599707536 945 $aLE013 00B MAT26 (2015)$g1$i2013000227269$lle013$og$pE30.00$q-$rl$s- $t0$u1$v0$w1$x0$y.i15718153$z18-04-16 996 $aConferenze e Seminari 2014-2015$9253497 997 $aUNISALENTO 998 $ale013$b18-04-16$cm$da $e-$fita$git $h0$i0